Online
Catalog

El general Babieca y Patricio Flaquenco : (Record no. 60790)

MARC details
000 -CABECERA
campo de control de longitud fija 01546nam a2200349 i 4500
003 - IDENTIFICADOR DEL NÚMERO DE CONTROL
campo de control DO-SdAGN
005 - FECHA Y HORA DE LA ÚLTIMA TRANSACCIÓN
campo de control 20260519160428.0
007 - CAMPO FIJO DE DESCRIPCIÓN FÍSICA--INFORMACIÓN GENERAL
campo de control de longitud fija ta
008 - DATOS DE LONGITUD FIJA--INFORMACIÓN GENERAL
campo de control de longitud fija 260519e19162025dr ac||gro||||||1 |bspa ||spa|
020 ## - NÚMERO INTERNACIONAL ESTÁNDAR DEL LIBRO
Número Internacional Estándar del Libro 9789945251487.
035 ## - NÚMERO DE CONTROL DEL SISTEMA
Número de control de sistema 079558
040 ## - FUENTE DE LA CATALOGACIÓN
Centro catalogador/agencia de origen DO-SdAGN
Lengua de catalogación spa
Centro/agencia transcriptor DO-SdBNP
Centro/agencia modificador BNPHU
Normas de descripción rda
041 ## - CÓDIGO DE LENGUA
Código de lengua del texto/banda sonora o título independiente spa
082 0# - NÚMERO DE LA CLASIFICACIÓN DECIMAL DEWEY
Número de clasificación 863.42
Número de documento/Ítem C723g 2025
Número de edición 22
100 4# - ENTRADA PRINCIPAL--NOMBRE DE PERSONA
9 (RLIN) 47510
Nombre de persona Colson, Jayme,
Fechas asociadas al nombre 1863-1954
Término indicativo de función/relación autor
245 0# - MENCIÓN DE TÍTULO
Título El general Babieca y Patricio Flaquenco :
Resto del título historia fantástica símbolo de muchas ridículas comedias políticas /
Mención de responsabilidad, etc. Jayme Colson ; cuidado de edición y corrección a cargo del Área de Publicaciones ; diagramación y diseño de portada por Carolina Victoria Martínez Paniagua.
250 ## - MENCIÓN DE EDICIÓN
Mención de edición Primera edición del AGN.
264 ## - PRODUCCIÓN, PUBLICACIÓN, DISTRIBUCIÓN, FABRICACIÓN Y COPYRIGHT
Producción, publicación, distribución, fabricación y copyright Santo Domingo, República Dominicana :
Nombre del de productor, editor, distribuidor, fabricante Archivo General de la Nación (AGN),
Fecha de producción, publicación, distribución, fabricación o copyright 2025.
300 4# - DESCRIPCIÓN FÍSICA
Extensión 445 páginas :
Otras características físicas ilustraciones, retratos ;
Dimensiones 23 x 15 cm.
336 ## - TIPO DE CONTENIDO
Término de tipo de contenido texto
Código de tipo de contenido txt
Fuente rdacontent
337 ## - TIPO DE MEDIO
Nombre/término del tipo de medio sin mediación
Código del tipo de medio n
Fuente rdamedia
338 ## - TIPO DE SOPORTE
Nombre/término del tipo de soporte volumen
Código del tipo de soporte nc
Fuente rdacarrier
490 ## - MENCIÓN DE SERIE
Mención de serie Archivo General de la Nación. Colección Juvenil ;
Designación de volumen o secuencia volumen 36.
500 4# - NOTA GENERAL
Nota general Incluye biografía del autor en la solapa.
500 4# - NOTA GENERAL
Nota general Incluye índice.
590 ## - NOTA LOCAL (RLIN)
Nota local Inventariado, 2026/WG.
650 ## - PUNTO DE ACCESO ADICIONAL DE MATERIA--TÉRMINO DE MATERIA
9 (RLIN) 47515
Término de materia o nombre geográfico como elemento de entrada Narraciones dominicanas
650 #7 - PUNTO DE ACCESO ADICIONAL DE MATERIA--TÉRMINO DE MATERIA
Término de materia o nombre geográfico como elemento de entrada Literatura dominicana
9 (RLIN) 1994
700 ## - PUNTO DE ACCESO ADICIONAL--NOMBRE DE PERSONA
Nombre de persona Martínez Paniagua, Carolina Victoria
Término indicativo de función/relación diagramación
-- diseño de portada
9 (RLIN) 99281
710 ## - PUNTO DE ACCESO ADICIONAL--NOMBRE DE ENTIDAD CORPORATIVA
Nombre de entidad corporativa o nombre de jurisdicción como elemento de entrada Área de Publicaciones
Término indicativo de función/relación cuidado de edición
-- corrección
9 (RLIN) 89658
942 ## - ELEMENTOS DE PUNTO DE ACCESO ADICIONAL (KOHA)
Fuente del sistema de clasificación o colocación Dewey Decimal Classification
Tipo de ítem Koha Libro
Holdings
Estado de retiro Estado de pérdida Fuente del sistema de clasificación o colocación Restricciones de uso No para préstamo Código de colección Localización permanente Ubicación/localización actual Ubicación en estantería Fecha de adquisición Total de préstamos Signatura topográfica completa Código de barras Fecha visto por última vez Precio válido a partir de Tipo de ítem Koha Número de copia
    Dewey Decimal Classification Excluido de préstamo   Patrimonio Dominicano Biblioteca Nacional Pedro Henríquez Ureña Biblioteca Nacional Pedro Henríquez Ureña En catalogación 19.05.2026   863.42 C723g 2025 2026-4340 19.05.2026 19.05.2026 Libro  
    Dewey Decimal Classification Excluido de préstamo   Patrimonio Dominicano Biblioteca Nacional Pedro Henríquez Ureña Biblioteca Nacional Pedro Henríquez Ureña En catalogación 19.05.2026   863.42 C723g 2025 2026-4341 19.05.2026 19.05.2026 Libro e.2
    Dewey Decimal Classification Excluido de préstamo   Patrimonio Dominicano Biblioteca Nacional Pedro Henríquez Ureña Biblioteca Nacional Pedro Henríquez Ureña En catalogación 19.05.2026   863.42 C723g 2025 2026-4342 19.05.2026 19.05.2026 Libro e.3

Powered by Koha